000 00718nam a2200289Ia 4500
005 20260324125758.0
008 008 260324s9999 xx 000 0 eng d
020 _a9780429126253
037 _aEBOOK
040 _aCRL
040 _beng
040 _cCRL
041 _2eng
041 _aeng
084 _qCRL
100 _aElsa Nielsen; Grete Ostergaard; John Christian Larsen
_91179289
245 0 _aToxicological Risk Assessment of Chemicals
245 2 _bA Practical Guide
260 _bTaylor and Francis
260 _c2008
365 _a
365 _b385
856 _uhttp://www.taylorfrancis.com/books/9780429126253
942 _cEBOOK
999 _c1774846
_d1774846